| 000 | 00512 a2200157 4500 | ||
|---|---|---|---|
| 003 | Nust | ||
| 005 | 20170207154100.0 | ||
| 040 | _cNust | ||
| 082 | _a621.381533 | ||
| 100 | _aAlexander Schure | ||
| 245 |
_aBlocking Oscillators _cAlexander Schure |
||
| 260 |
_aNew York _bJohn F , Rider _c1956 |
||
| 300 | _a64p; | ||
| 505 | _aDescription Of Operating Feature (Page-1),Popular Description Of Operation (Page-7),Detailed Description Of Operation (Page-12),Applications (Page-34). | ||
| 538 | _aAlmirah No.35 Shelf No.6 | ||
| 942 |
_2ddc _cBK |
||
| 999 |
_c193560 _d193560 |
||